00358nam a2200133Ia 45000010005000000080041000050200022000460820020000681000015000882450035001032600043001389010028001819990015002093392241024s9999 xx 000 0 und d a978-9945-8740-4-4 aRD/972.93/B742g aJuan Bosch 0aLa Guerra de la Restauración bEdiciones Fundación Juan Boschc2012 a11/10/2013 3:25:37 p.m. c7603d7603